Forensic examination of glass and paint : analysis and interpretation /

Bibliographic Details
Corporate Author: Taylor & Francis
Other Authors: Caddy, Brian
Format: eBook
Language:English
Published: New York : Taylor & Francis, 2001.
Subjects:
Online Access:Connect to the full text of this electronic book

MARC

Tag First Indicator Second Indicator Subfields
LEADER 00000cam a2200000 a 4500
001 in00005659066
006 m o d
007 cr zn|||||||||
008 010207s2001 nyua ob 001 0 eng d
005 20250812150151.5
035 |a (OCoLC)ocn252827224 
040 |a MT4IT  |b eng  |e pn  |c MT4IT  |d OCLCQ  |d CUSER  |d OKC  |d QE2  |d IDEBK  |d MERUC  |d UV0  |d E7B  |d TULIB  |d OCLCQ  |d OCLCF  |d OCLCO  |d VVJ  |d YDXCP  |d OCLCQ  |d OCL  |d PIFBY  |d OTZ  |d OCLCQ  |d OCL  |d KIJ  |d CAUOI  |d D6H  |d CEF  |d VT2  |d LHU  |d FVL  |d OCLCQ  |d WYU  |d UWO  |d TKN  |d OCLCQ  |d U3G  |d CNTRU  |d M8D  |d OCLCQ  |d UKAHL  |d SFB  |d INARC  |d OCLCO  |d OCLCQ  |d OCLCO 
019 |a 61503870  |a 326588231  |a 427964471  |a 455994840  |a 559976837  |a 647329823  |a 756875992  |a 779919483  |a 992092831  |a 994785344  |a 1006805139  |a 1027345468  |a 1029488012  |a 1029488634  |a 1044214735  |a 1044366542  |a 1048110974  |a 1056338961  |a 1056415189  |a 1059533821  |a 1060773696  |a 1065689250  |a 1084336704  |a 1107339519  |a 1119511327  |a 1125450931  |a 1125745263  |a 1136323236  |a 1136483089  |a 1286911460  |a 1301982112 
020 |a 0203483588  |q (electronic bk.) 
020 |a 9780203483589  |q (electronic bk.) 
020 |a 9780748405794 
020 |a 0748405798 
020 |a 9781466550285 
020 |a 1466550287 
020 |a 9786610405756 
020 |a 6610405751 
020 |z 0748405798  |q (Cloth) 
035 |a (OCoLC)252827224  |z (OCoLC)61503870  |z (OCoLC)326588231  |z (OCoLC)427964471  |z (OCoLC)455994840  |z (OCoLC)559976837  |z (OCoLC)647329823  |z (OCoLC)756875992  |z (OCoLC)779919483  |z (OCoLC)992092831  |z (OCoLC)994785344  |z (OCoLC)1006805139  |z (OCoLC)1027345468  |z (OCoLC)1029488012  |z (OCoLC)1029488634  |z (OCoLC)1044214735  |z (OCoLC)1044366542  |z (OCoLC)1048110974  |z (OCoLC)1056338961  |z (OCoLC)1056415189  |z (OCoLC)1059533821  |z (OCoLC)1060773696  |z (OCoLC)1065689250  |z (OCoLC)1084336704  |z (OCoLC)1107339519  |z (OCoLC)1119511327  |z (OCoLC)1125450931  |z (OCoLC)1125745263  |z (OCoLC)1136323236  |z (OCoLC)1136483089  |z (OCoLC)1286911460  |z (OCoLC)1301982112 
050 4 |a HV8077.5.G55  |b F67 2001eb 
055 1 3 |a HV8077.5.G55  |b F67 2001eb 
082 0 4 |a 363.25/62  |2 21 
049 |a TXAM 
245 0 0 |a Forensic examination of glass and paint :  |b analysis and interpretation /  |c edited by Brian Caddy. 
260 |a New York :  |b Taylor & Francis,  |c 2001. 
300 |a 1 online resource (xi, 292 pages) :  |b illustrations 
336 |a text  |b txt  |2 rdacontent 
337 |a computer  |b c  |2 rdamedia 
338 |a online resource  |b cr  |2 rdacarrier 
504 |a Includes bibliographical references and index. 
588 0 |a Print version record. 
650 0 |a Criminal investigation. 
650 0 |a Glass  |x Identification. 
650 0 |a Paint  |x Identification. 
650 6 |a Enquêtes criminelles. 
650 6 |a Verre  |x Identification. 
650 6 |a Peinture (Produit chimique)  |x Identification. 
650 7 |a Criminal investigation  |2 fast 
650 7 |a Glass  |2 fast 
650 7 |a Paint  |2 fast 
655 7 |a Electronic books.  |2 local 
655 7 |a Field guides  |2 fast 
700 1 |a Caddy, Brian. 
710 2 |a Taylor & Francis. 
776 0 8 |i Print version:  |t Forensic examination of glass and paint.  |d New York : Taylor & Francis, 2001  |w (DLC) 2001027208 
856 4 0 |u http://proxy.library.tamu.edu/login?url=https://www.taylorfrancis.com/books/9780429232909  |z Connect to the full text of this electronic book  |t 0 
936 |a BATCHLOAD 
955 |a Taylor and Francis FORENSICnetBASE / LAWENFORCEMENTnetBASE 
994 |a 92  |b TXA 
999 f f |s edccfab0-2552-4ee1-9262-6da67dada9f2  |i 524fc21c-a878-419e-a698-f329a6d05dcf  |t 0 
952 f f |a Texas A&M University  |b College Station  |c Electronic Resources  |d Available Online  |t 0  |e HV8077.5.G55 F67 2001eb  |h Library of Congress classification 
998 f f |a HV8077.5.G55 F67 2001eb  |t 0  |l Available Online